Sajtópolitika és politikai sajtó Magyarországon a 18. század végén és a 19. század első felében - Felvilágosodás- és reformkori magyar nyelvű hírlapok a nemzeti identitás, a modernizáció és a polgári átalakulás szolgálatában

Elmentve itt :
Bibliográfiai részletek
Szerző: Döbör András
További közreműködők: Zakar Péter (Témavezető)
Dokumentumtípus: Disszertáció
Megjelent: 2015-05-18
Tárgyszavak:
doi:10.14232/phd.2608

mtmt:2959243
Online Access:http://doktori.ek.szte.hu/2608
LEADER 01380nta a2200241 i 4500
001 dokt2608
005 20200421135425.0
008 150417s2015 hu om 0|| hun d
024 7 |a 10.14232/phd.2608  |2 doi 
024 7 |a 2959243  |2 mtmt 
040 |a SZTE Doktori Repozitórium  |b hun 
041 |a hun 
100 1 |a Döbör András 
245 1 0 |a Sajtópolitika és politikai sajtó Magyarországon a 18. század végén és a 19. század első felében - Felvilágosodás- és reformkori magyar nyelvű hírlapok a nemzeti identitás, a modernizáció és a polgári átalakulás szolgálatában  |h [elektronikus dokumentum] /  |c  Döbör András 
246 1 0 |a The politics of the press and the political press in Hungary at the end of the 18th and in the first half of the 19th century. Hungarian newspapers in the service of national identity, modernization and civil transformation during the Enlightenment and the Reform Age  |h [elektronikus dokumentum] 
260 |c 2015-05-18 
502 |a Disszertacio 
520 3
650 4 |a történelemtudományok 
700 1 |a Zakar Péter  |e ths 
856 4 0 |u https://doktori.bibl.u-szeged.hu/id/eprint/2608/1/DoborAndrasPhD.pdf  |z Dokumentum-elérés  
856 4 0 |u https://doktori.bibl.u-szeged.hu/id/eprint/2608/3/tezisekHU.pdf  |z Dokumentum-elérés  
856 4 0 |u https://doktori.bibl.u-szeged.hu/id/eprint/2608/2/tezisekEN.pdf  |z Dokumentum-elérés